| 000 | 00000nas##2200000za#4500 |
| 001 | 9.503525 |
| 003 | CaOODSP |
| 005 | 20200325093415 |
| 007 | cr ||||||||||| |
| 008 | 150406c2002||||xxc|| p o||||f| |0fre|d |
| 022 | |a1912-9270 |
| 040 | |aCaOODSP|bfre |
| 043 | |an-cn--- |
| 086 | 1 |aT45-1F-PDF |
| 110 | 1 |aCanada. |bTransports Canada. |
| 245 | 10|aVision sécurité routière 2010, rapport annuel / |h[ressource électronique]|cConseil canadien des administrateurs en transport motorisé. |
| 246 | 1 |aRapport annuel : Vision sécurité routière 2010 |
| 260 | |aOttawa - Ontario : |bTransports Canada |
| 310 | |aAnnuel |
| 362 | 1 |a2002--2005 |
| 500 | |aSuspendu de 2003-2004 ; reparaît depuis la livr. de 2005. « Vision sécurité routière 2010 constitue le plan national du Canada en matière de sécurité routière et fait suite au premier programme national de sécurité routière – Vision sécurité routière 2001 – lancé officiellement en 1996. Vision 2010 a pour but de doter le Canada des routes les plus sûres au monde. Le nouveau plan bénéficie de l'appui de tous les niveaux de gouvernement et de plusieurs partenaires clés des secteurs public et privé. Vision sécurité routière 2010 met l'accent sur les partenariats et sur tout un éventail d'initiatives axées sur les usagers de la route, les réseaux routiers et les véhicules automobiles. »--Rapport annuel 2002, page 2 à 3 de 26. |
| 691 | 07|aConduite|2gcpds |
| 691 | 07|aSécurité routière|2gcpds |
| 775 | 08|tRoad Safety Vision 2010, annual report / |w(CaOODSP)9.507132 |